Fast track Visual Basic .NET/ (Record no. 4043)

000 -LEADER
fixed length control field 00743nam a22002417a 4500
003 - CONTROL NUMBER IDENTIFIER
control field OSt
005 - DATE AND TIME OF LATEST TRANSACTION
control field 20220317075459.0
008 - FIXED-LENGTH DATA ELEMENTS--GENERAL INFORMATION
fixed length control field 220317b ||||| |||| 00| 0 eng d
020 ## - INTERNATIONAL STANDARD BOOK NUMBER
International Standard Book Number 9781861007124
040 ## - CATALOGING SOURCE
Transcribing agency Alupe University College
050 ## - LIBRARY OF CONGRESS CALL NUMBER
Classification number QA76.73
Item number .H65 2002
100 ## - MAIN ENTRY--PERSONAL NAME
Personal name Hollis, Billy S.
245 ## - TITLE STATEMENT
Title Fast track Visual Basic .NET/
Statement of responsibility, etc. Billy S Hollis & Rockford Lhotka
260 ## - PUBLICATION, DISTRIBUTION, ETC.
Place of publication, distribution, etc. Birmingham :
Name of publisher, distributor, etc. Wrox Press,
Date of publication, distribution, etc. 2002
300 ## - PHYSICAL DESCRIPTION
Extent XIII, 475p
Other physical details str. : ilustr. ;
Dimensions 23 cm.
440 ## - SERIES STATEMENT/ADDED ENTRY--TITLE
Title Programmer to programmer.
500 ## - GENERAL NOTE
General note Includes Index
650 ## - SUBJECT ADDED ENTRY--TOPICAL TERM
Topical term or geographic name entry element Microsoft Visual BASIC.
650 ## - SUBJECT ADDED ENTRY--TOPICAL TERM
Topical term or geographic name entry element Internet programming.
650 ## - SUBJECT ADDED ENTRY--TOPICAL TERM
Topical term or geographic name entry element Microsoft .NET Framework.
700 ## - ADDED ENTRY--PERSONAL NAME
Personal name Rockford Lhotka
942 ## - ADDED ENTRY ELEMENTS (KOHA)
Source of classification or shelving scheme
Koha item type Book
Suppress in OPAC SO
Holdings
Withdrawn status Lost status Source of classification or shelving scheme Damaged status Not for loan Permanent Location Current Location Shelving location Date acquired Source of acquisition Total Checkouts Full call number Barcode Date last seen Price effective from Koha item type Public note
          AU LIBRARY AU LIBRARY Open Shelf 17.03.2022 DONATION FROM MOI UNIVERSITY   QA76.73 .H65 2002 28005846 17.03.2022 17.03.2022 Book SO

Powered by Koha